000 00458cam a2200157ua 4500
041 _aeng
_h
082 _a627.52
_bINT/FO
100 _aPereira, L S .
245 0 0 _aFourteenth international congres on irrigation and drainage, Brazil vol-1-C /
_cPereira L S.
_hTextual Documents
260 _a :
_bInternational commission on irrigation&drainage ,
_c1990.
300 _a ; .
500 _a20267 Ref
504 _a
942 _cBK
999 _c12895
_d12895